Miasta nad Bugiem - Statystyki

Ogólne statystyki
  • Ten quiz został rozwiązany 37 razy
  • Średni wynik to 3 z 8
Statystyki odpowiedzi
Ludność Miasto % Poprawnych
339 700 Brześć
78%
12 266 Włodawa
69%
5 197 Terespol
53%
26 841 Wyszków
47%
1 806 Drohiczyn
41%
1 924 Brok
13%
66 504 Czerwonogród (Krystynopol)
6%
20 986 Sokal
6%
Nie znaleziono quizów pasujących do podanych kryteriów
Rozkład punktacji
Procent ludzi z każdym wynikiem
Percentyl według liczby udzielonych odpowiedzi
Twoja historia wyników
Nie rozwiązałeś tego quizu